| Tag |
First Indicator |
Second Indicator |
Subfields |
| LEADER |
00000cam a22000008a 4500 |
| 001 |
in00001094110 |
| 005 |
20150929191236.0 |
| 008 |
920514s1992 ohu b s001 0beng |
| 010 |
|
|
|a 92020068
|
| 020 |
|
|
|a 0814205984 (cloth : alk. paper)
|
| 020 |
|
|
|a 0814205992 (pbk. : alk. paper)
|
| 035 |
|
|
|a (OCoLC)25964121
|
| 035 |
|
|
|9 AFS7800AM
|
| 040 |
|
|
|a DLC
|c DLC
|d VVC
|d TXA
|d UtOrBLW
|
| 043 |
|
|
|a e-ie---
|
| 049 |
|
|
|a TXAM
|
| 050 |
0 |
0 |
|a PR6019.O9
|b Z525687 1992
|
| 082 |
0 |
0 |
|a 823/.912
|a B
|2 20
|
| 100 |
1 |
|
|a Beja, Morris.
|
| 245 |
1 |
0 |
|a James Joyce :
|b a literary life /
|c Morris Beja.
|
| 264 |
|
1 |
|a Columbus :
|b Ohio State University Press,
|c 1992.
|
| 300 |
|
|
|a xiii, 150 pages, 8 unnumbered pages of plates :
|b illustrations, portraits ;
|c 24 cm.
|
| 336 |
|
|
|a text
|b txt
|2 rdacontent
|
| 337 |
|
|
|a unmediated
|b n
|2 rdamedia
|
| 338 |
|
|
|a volume
|b nc
|2 rdacarrier
|
| 504 |
|
|
|a Includes bibliographical references and index.
|
| 600 |
1 |
0 |
|a Joyce, James,
|d 1882-1941.
|
| 650 |
|
0 |
|a Novelists, Irish
|y 20th century
|v Biography.
|
| 740 |
0 |
|
|a Literary life.
|
| 999 |
|
|
|a MARS
|
| 999 |
f |
f |
|s 18e0c00a-4dca-39b1-b3b3-848e190326db
|i 57bac103-b996-3988-b2ac-4cdfc716443f
|t 0
|
| 952 |
f |
f |
|p normal
|a Texas A&M University
|b College Station
|c Sterling C. Evans Library
|d Evans: Library Stacks
|t 0
|e PR6019.O9 Z525687 1992
|h Library of Congress classification
|i unmediated -- volume
|m A14816612016
|
| 998 |
f |
f |
|a PR6019.O9 Z525687 1992
|t 0
|l Evans: Library Stacks
|